000 01187nam a2200265 a 4500
001 79313
003 BD-RjUL
005 20220203092021.0
008 220203s1954 ua 000 0 ara d
035 _a(BD-RjUL)79313
040 _aNNL
_bara
_cBD-RjUL
041 _aara
082 _223
_a968.04
_bSHJ 1954
100 1 _aShakir, Amin ;; شاكر، امين
_91090
245 1 0 _aجنوب افريقيا ;; :janub afriqia :
_bجنة البيض وجحيم الملونين ;; janat albayd wajahim almulawinayn /
_cاشترك فى اعداد هذا الكتاب امين شاكر [و]سعيد العريان [و]مصطفى أمين ;; .aishtarak faa aedad hadha alkitab amyn shakir [w]saeid aleuryan [w]mustafaa 'amin.
260 _aمصر :
_bدار المعارف، ;; dar almaearifi,
_c[١٩٥٤].
300 _a١٦٤، [٢]ص.
_c18 cm
490 1 _aاخترنا لك ؛
_v٩
650 4 _aMinorities
_xCivil rights
_zSouth Africa
_91095
651 4 _aSouth Africa
_xHistory
_y1909-1961
_91096
700 1 _aAl-Arian, Saeed ;; العريان، سعيد
_91097
700 1 _aAmin, Mustafa ;; امين، مصطفى
_91093
830 0 _aاخترنا لك ؛
_v٩.
_91094
942 _2ddc
_cBK
999 _c79313
_d79313